[Event "Titled Tuesday intern op 16th Jan Late"]
[Site "Chess.com INT"]
[Date "2024.01.16"]
[Round "1"]
[White "Cuevas Araya, Walter"]
[Black "Toropov, Pavel"]
[Result "0-1"]
[WhiteElo "2066"]
[BlackElo "2308"]
[PlyCount "138"]
[EventDate "2024.01.16"]
[EventType "swiss (blitz)"]
[EventRounds "11"]
[EventCountry "USA"]
[SourceTitle "CB04_2024"]
[SourceDate "2023.10.16"]
[SourceVersion "1"]
[SourceVersionDate "2023.10.16"]
[SourceQuality "1"]

1. e4 e6 2. d4 d5 3. exd5 exd5 4. h3 Nf6 5. Nf3 c5 6. dxc5 Bxc5 7. Bd3 0-0 8. 0-0 Nc6 9. Bg5 Qd6 10. Nbd2 h6 11. Bh4 Be6 12. Nb3 Bb6 13. Bg3 Qd7 14. Ne5 Nxe5 15. Bxe5 Ne4 16. Qf3 Qa4 17. Bxe4 dxe4 18. Qg3 f6 19. Bc3 Rad8 20. Nd2 Qxc2 21. Rac1 Qd3 22. Qxd3 exd3 23. a3 Rfe8 24. Rfe1 Bf7 25. Kf1 Bh5 26. g4 Bg6 27. Rxe8+ Rxe8 28. Re1 Rxe1+ 29. Kxe1 Kf7 30. Nc4 Bc7 31. Bd4 b6 32. Kd2 Ke6 33. b3 Kd5 34. Be3 Ke4 35. Nb2 Kf3 36. Nxd3 Bxd3 37. Kxd3 g5 38. Bd4 Bd8 39. a4 Kg2 40. Ke4 Kxh3 41. f3 Kg3 42. a5 bxa5 43. Bxa7 Kg2 44. Bc5 Kg3 45. Bf8 Kf2 46. Bxh6 Be7 47. f4 gxf4 48. Bxf4 Bd8 49. Bd6 Ke2 50. Bc5 Kd2 51. Bd4 Kc2 52. Kf5 Kxb3 53. Bxf6 Bxf6 54. Kxf6 a4 55. g5 a3 56. g6 a2 57. g7 a1Q+ 58. Kf7 Qf1+ 59. Ke8 Qe2+ 60. Kf8 Qf3+ 61. Kg8 Kc4 62. Kh7 Qh5+ 63. Kg8 Kd5 64. Kf8 Qf5+ 65. Ke8 Qe6+ 66. Kf8 Qf6+ 67. Kg8 Ke6 68. Kh8 Kf7 69. Kh7 Qxg7# 0-1

[Event "Titled Tuesday intern op 16th Jan Late"]
[Site "Chess.com INT"]
[Date "2024.01.16"]
[Round "4"]
[White "Toropov, Pavel"]
[Black "Grischuk, Alexander"]
[Result "0-1"]
[WhiteElo "2308"]
[BlackElo "2732"]
[PlyCount "106"]
[EventDate "2024.01.16"]
[EventType "swiss (blitz)"]
[EventRounds "11"]
[EventCountry "USA"]
[SourceTitle "CB04_2024"]
[SourceDate "2023.10.16"]
[SourceVersion "1"]
[SourceVersionDate "2023.10.16"]
[SourceQuality "1"]

1. e4 e5 2. Nf3 Nc6 3. d4 exd4 4. Nxd4 Qf6 5. Be3 Bc5 6. c3 Nge7 7. Bc4 b6 8. 0-0 Bb7 9. Qf3 Qxf3 10. gxf3 Bxd4 11. cxd4 d5 12. Bb5 0-0-0 13. e5 Nf5 14. Rd1 Nb4 15. Ba4 c5 16. Nc3 c4 17. a3 Nd3 18. Rab1 Kb8 19. Bc2 Nh4 20. f4 Bc8 21. Nb5 Bg4 22. Rxd3 cxd3 23. Bxd3 Bf5 24. Rd1 Bxd3 25. Rxd3 Nf5 26. Nc3 Rd7 27. Kg2 Kb7 28. Kf3 h5 29. Bd2 Rc8 30. Be3 g6 31. h3 Rc4 32. Ke2 a6 33. Kd2 b5 34. Ke2 Kb6 35. Kd2 a5 36. b3 Rc8 37. a4 b4 38. Nb5 Rc6 39. Kd1 Rd8 40. Rd2 Rdc8 41. Ke2 Rc2 42. Kd3 Rxd2+ 43. Kxd2 Rb8 44. Kd3 Rb7 45. Bd2 Kc6 46. Be1 Rxb5 47. axb5+ Kxb5 48. Bd2 a4 49. bxa4+ Kxa4 50. Bc1 Kb3 51. Bd2 Ka3 52. Bc1+ Ka2 53. Kc2 Nxd4+ 0-1

[Event "Titled Tuesday intern op 16th Jan Late"]
[Site "Chess.com INT"]
[Date "2024.01.16"]
[Round "5"]
[White "Willy, Stephen"]
[Black "Toropov, Pavel"]
[Result "1-0"]
[WhiteElo "1946"]
[BlackElo "2308"]
[PlyCount "53"]
[EventDate "2024.01.16"]
[EventType "swiss (blitz)"]
[EventRounds "11"]
[EventCountry "USA"]
[SourceTitle "CB04_2024"]
[SourceDate "2023.10.16"]
[SourceVersion "1"]
[SourceVersionDate "2023.10.16"]
[SourceQuality "1"]

1. e4 d5 2. exd5 Qxd5 3. Nc3 Qd6 4. d4 Nf6 5. Nf3 a6 6. g3 b5 7. Bg2 Bb7 8. 0-0 e6 9. Re1 Be7 10. Bf4 Qb6 11. a4 b4 12. a5 Qa7 13. Bxc7 Nbd7 14. Na4 Bxf3 15. Qxf3 Rc8 16. Bb6 Qb8 17. Qb7 Rxc2 18. Rac1 Rxc1 19. Rxc1 0-0 20. Qxa6 Nd5 21. Qb5 N7f6 22. Nc5 Rc8 23. Bf1 Nxb6 24. axb6 Bd8 25. Na6 Qb7 26. Rxc8 Qxc8 27. b7 1-0

[Event "Titled Tuesday intern op 26th Sep Early"]
[Site "Chess.com INT"]
[Date "2023.09.26"]
[Round "4"]
[White "Barbot, Pierre"]
[Black "Toropov, Pavel"]
[Result "0-1"]
[WhiteElo "2460"]
[BlackElo "2336"]
[PlyCount "66"]
[EventDate "2023.09.26"]
[EventType "swiss (blitz)"]
[EventRounds "11"]
[EventCountry "USA"]
[SourceTitle "EXT 2024"]
[Source "ChessBase"]
[SourceDate "2023.10.10"]
[SourceVersion "1"]
[SourceVersionDate "2023.10.10"]
[SourceQuality "1"]

1. d4 d5 2. Nf3 c6 3. Bf4 Nf6 4. e3 Bf5 5. c4 Bxb1 6. Rxb1 e6 7. a3 Nbd7 8. cxd5 cxd5 9. Bd3 Be7 10. 0-0 0-0 11. h3 Rc8 12. Qa4 a6 13. Rfc1 Nb6 14. Qd1 Nc4 15. Ne5 b5 16. a4 Qb6 17. b3 Nd6 18. axb5 axb5 19. Ng4 Nde4 20. Nxf6+ Nxf6 21. Qe2 b4 22. Ra1 Ra8 23. Rxa8 Rxa8 24. Bb5 Ne4 25. Rc6 Qa5 26. Bc7 Qa1+ 27. Kh2 Nc3 28. Qd3 Qb2 29. Ra6 Rc8 30. Be5 Qxf2 31. Bd7 Rd8 32. Ra7 Bg5 33. Bc7 Rf8 0-1

[Event "Titled Tuesday intern op 26th Sep Early"]
[Site "Chess.com INT"]
[Date "2023.09.26"]
[Round "7"]
[White "Toropov, Pavel"]
[Black "Aradhya, Garg"]
[Result "0-1"]
[WhiteElo "2336"]
[BlackElo "2344"]
[PlyCount "62"]
[EventDate "2023.09.26"]
[EventType "swiss (blitz)"]
[EventRounds "11"]
[EventCountry "USA"]
[SourceTitle "EXT 2024"]
[Source "ChessBase"]
[SourceDate "2023.10.10"]
[SourceVersion "1"]
[SourceVersionDate "2023.10.10"]
[SourceQuality "1"]

1. e4 e5 2. Nf3 Nc6 3. d4 exd4 4. Nxd4 Nf6 5. Nc3 Nxe4 6. Nxe4 Qe7 7. Nb5 Qxe4+ 8. Be2 Bb4+ 9. c3 Ba5 10. 0-0 0-0 11. Bf3 Qh4 12. g3 Qf6 13. Be3 a6 14. Nd4 Bb6 15. Bg2 Nxd4 16. Bxd4 Bxd4 17. cxd4 d5 18. Bxd5 Rd8 19. Qb3 c6 20. Bg2 Rxd4 21. Rae1 Qd8 22. Re5 Rb8 23. Rfe1 Be6 24. Qc3 Rd1 25. a3 Rxe1+ 26. Rxe1 Qd6 27. h4 Rd8 28. Qa5 h6 29. Re3 Qd1+ 30. Kh2 Qd2 31. Qb6 Rd7 0-1

[Event "Titled Tuesday intern op 26th Sep Early"]
[Site "Chess.com INT"]
[Date "2023.09.26"]
[Round "3"]
[White "Toropov, Pavel"]
[Black "Dreev, Alexey"]
[Result "0-1"]
[WhiteElo "2336"]
[BlackElo "2606"]
[PlyCount "116"]
[EventDate "2023.09.26"]
[EventType "swiss (blitz)"]
[EventRounds "11"]
[EventCountry "USA"]
[SourceTitle "EXT 2024"]
[Source "ChessBase"]
[SourceDate "2023.10.10"]
[SourceVersion "1"]
[SourceVersionDate "2023.10.10"]
[SourceQuality "1"]

1. e4 c5 2. Nf3 e6 3. d4 cxd4 4. Nxd4 Nf6 5. Nc3 Nc6 6. Ndb5 Bc5 7. Bf4 0-0 8. Bd6 Qb6 9. Bxc5 Qxc5 10. Qd6 Qg5 11. Qg3 Qxg3 12. hxg3 a6 13. Nd6 Ne8 14. 0-0-0 Nxd6 15. Rxd6 b5 16. Be2 Ra7 17. f4 Rc7 18. Rhd1 f6 19. a3 Kf7 20. Kb1 Ke7 21. a4 b4 22. Na2 Bb7 23. Nc1 Rfc8 24. Nb3 Nb8 25. R1d2 Bxe4 26. Rb6 Rxc2 27. Rxc2 Bxc2+ 28. Ka2 Bxb3+ 29. Kxb3 a5 30. Bb5 Rc7 31. Rxb8 Ra7 32. Rb6 d5 33. Ra6 Rxa6 34. Bxa6 Kd6 35. Kc2 e5 36. Kd3 Kc5 37. Ke3 g6 38. Bc8 Kc4 39. fxe5 fxe5 40. Be6 h6 41. g4 g5 42. g3 Kb3 43. Bxd5+ Kxb2 44. Ke4 b3 45. Kxe5 Ka3 46. Kf6 b2 47. Be4 Kxa4 48. Kg6 Kb3 49. Kxh6 a4 50. Kxg5 a3 51. Bd5+ Kc2 52. Ba2 b1Q 53. Bxb1+ Kxb1 54. Kf6 a2 55. g5 a1Q+ 56. Kf7 Qa2+ 57. Kg7 Qa7+ 58. Kh6 Qe3 0-1

[Event "Titled Tuesday intern op 19th Sep Late"]
[Site "Chess.com INT"]
[Date "2023.09.19"]
[Round "2"]
[White "Chemin, Justo Reinaldo"]
[Black "Toropov, Pavel"]
[Result "0-1"]
[WhiteElo "2040"]
[BlackElo "2336"]
[PlyCount "56"]
[EventDate "2023.09.19"]
[EventType "swiss (blitz)"]
[EventRounds "11"]
[EventCountry "USA"]
[SourceTitle "EXT 2024"]
[Source "ChessBase"]
[SourceDate "2023.10.10"]
[SourceVersion "1"]
[SourceVersionDate "2023.10.10"]
[SourceQuality "1"]

1. d4 d5 2. Nf3 Nf6 3. Bf4 c6 4. e3 Bf5 5. Nbd2 e6 6. a3 Bd6 7. Bg3 Bxg3 8. hxg3 Nbd7 9. c4 h6 10. Qb3 Qb6 11. c5 Qc7 12. Qc3 b6 13. b4 a5 14. Rc1 axb4 15. axb4 b5 16. Be2 0-0 17. 0-0 Ra2 18. Bd3 Bxd3 19. Qxd3 Rfa8 20. Rc3 Ra1 21. Nb3 Rxf1+ 22. Qxf1 Ne4 23. Rc2 Ra4 24. Qe1 Nb8 25. Na5 Na6 26. Rb2 Nxb4 27. Rxb4 Qxa5 28. Rb1 Qxe1+ 0-1

[Event "Titled Tuesday intern op 19th Sep Early"]
[Site "Chess.com INT"]
[Date "2023.09.19"]
[Round "1"]
[White "Madaminov, Mukhiddin"]
[Black "Toropov, Pavel"]
[Result "1-0"]
[WhiteElo "2484"]
[BlackElo "2336"]
[PlyCount "93"]
[EventDate "2023.09.19"]
[EventType "swiss (blitz)"]
[EventRounds "11"]
[EventCountry "USA"]
[SourceTitle "EXT 2024"]
[Source "ChessBase"]
[SourceDate "2023.10.10"]
[SourceVersion "1"]
[SourceVersionDate "2023.10.10"]
[SourceQuality "1"]

1. e4 e6 2. d4 d5 3. Nc3 dxe4 4. Nxe4 Nd7 5. Nf3 Ngf6 6. Nxf6+ Nxf6 7. c3 Be7 8. Bd3 0-0 9. 0-0 b6 10. Qe2 Bb7 11. Bg5 Bxf3 12. Qxf3 Qd5 13. Qe3 Rad8 14. Rfd1 Rfe8 15. Bf4 c5 16. dxc5 Qxc5 17. Qe2 Bd6 18. Be3 Qe5 19. g3 Bc5 20. Bf4 Qxe2 21. Bxe2 Ne4 22. Kg2 h6 23. f3 Nf6 24. Bb5 Rf8 25. c4 Be7 26. Kf2 Rxd1 27. Rxd1 Rd8 28. Rxd8+ Bxd8 29. Ke2 Kf8 30. a3 Ke7 31. b4 Ne8 32. Kd3 Bc7 33. Bd2 Nd6 34. Bc6 Nf5 35. Be4 g6 36. Bxf5 exf5 37. Bxh6 Kf6 38. Bf4 Bd8 39. b5 Ke6 40. Bb8 Kd7 41. a4 Kc8 42. Be5 Be7 43. g4 fxg4 44. fxg4 Kb7 45. Ke4 a5 46. Kd5 Bc5 47. h4 1-0

[Event "Titled Tuesday intern op 05th Sep Late"]
[Site "Chess.com INT"]
[Date "2023.09.05"]
[Round "7"]
[White "Kleiman, Jake"]
[Black "Toropov, Pavel"]
[Result "1-0"]
[WhiteElo "2399"]
[BlackElo "2336"]
[PlyCount "155"]
[EventDate "2023.09.05"]
[EventType "swiss (blitz)"]
[EventRounds "11"]
[EventCountry "USA"]
[SourceTitle "EXT 2024"]
[Source "ChessBase"]
[SourceDate "2023.10.10"]
[SourceVersion "1"]
[SourceVersionDate "2023.10.10"]
[SourceQuality "1"]

1. e4 e6 2. d4 d5 3. Nd2 dxe4 4. Nxe4 Nd7 5. Nf3 Ngf6 6. Nxf6+ Nxf6 7. g3 b6 8. Bg2 Bb7 9. 0-0 Be7 10. c4 0-0 11. Qe2 c5 12. Rd1 Qc8 13. d5 Rd8 14. Bg5 h6 15. Bf4 Bf8 16. dxe6 Qxe6 17. Qxe6 fxe6 18. Ne5 Bxg2 19. Kxg2 g5 20. Be3 Bg7 21. Nc6 Rxd1 22. Rxd1 Kf7 23. b3 a6 24. h3 Rc8 25. Ne5+ Ke8 26. Kf3 Nd5 27. cxd5 Bxe5 28. dxe6 Ke7 29. Rd7+ Kxe6 30. Ra7 a5 31. Rb7 Bc7 32. Ke4 Kd6 33. Kf5 Kc6 34. Ra7 Re8 35. a4 Rd8 36. Ke4 Re8+ 37. Kd3 Rd8+ 38. Kc4 Re8 39. g4 Re4+ 40. Kd3 Rb4 41. Kc2 c4 42. bxc4 Rxa4 43. Kd3 Ra3+ 44. Ke4 Ra4 45. Kd3 Ra1 46. Ra8 Rh1 47. Rh8 Rxh3 48. Ke4 Rh2 49. f3 a4 50. Bd4 a3 51. Ra8 a2 52. Kd3 Bd6 53. Ra6 Bc5 54. Be5 Rf2 55. Ke4 Kb7 56. Ra4 Kc6 57. Ra8 Re2+ 58. Kf5 Rf2 59. Ke4 Kb7 60. Ra4 Be7 61. Bg7 Rh2 62. Kf5 Bc5 63. Kg6 Rf2 64. Kxh6 Rxf3 65. Rxa2 Rf4 66. Kxg5 Rxc4 67. Kh5 b5 68. g5 b4 69. Rb2 Kc6 70. g6 Rc1 71. Bf6 Rh1+ 72. Kg4 Kd5 73. g7 Rg1+ 74. Kf5 Bd4 75. Bxd4 Kxd4 76. Rxb4+ Kc5 77. Rg4 Rf1+ 78. Kg6 1-0

[Event "Titled Tuesday intern op 05th Sep Late"]
[Site "Chess.com INT"]
[Date "2023.09.05"]
[Round "1"]
[White "Toropov, Pavel"]
[Black "Xiong, Jeffery"]
[Result "1/2-1/2"]
[WhiteElo "2336"]
[BlackElo "2693"]
[PlyCount "115"]
[EventDate "2023.09.05"]
[EventType "swiss (blitz)"]
[EventRounds "11"]
[EventCountry "USA"]
[SourceTitle "EXT 2024"]
[Source "ChessBase"]
[SourceDate "2023.10.10"]
[SourceVersion "1"]
[SourceVersionDate "2023.10.10"]
[SourceQuality "1"]

1. e4 c5 2. Nf3 e6 3. d4 cxd4 4. Nxd4 Nc6 5. Nc3 a6 6. Be3 Nf6 7. Qf3 Bb4 8. 0-0-0 Bxc3 9. bxc3 Qa5 10. Kb2 d5 11. Nb3 Qc7 12. exd5 Nxd5 13. Bc5 b6 14. Ba3 Bb7 15. c4 Nde7 16. Bd6 Qc8 17. Bd3 0-0 18. Be4 Re8 19. Rhe1 Nd8 20. Bxe7 Rxe7 21. Rxd8+ Qxd8 22. Bxb7 Ra7 23. Rd1 Qb8 24. Be4 Rac7 25. Bd3 Rc8 26. g3 Qe5+ 27. Kb1 a5 28. Qe4 Qh5 29. g4 Qh4 30. f4 a4 31. Nd4 g6 32. Nb5 Rd7 33. g5 Qxh2 34. a3 Qf2 35. Rh1 Rcd8 36. Qe1 Qxe1+ 37. Rxe1 Kg7 38. Kb2 h6 39. Nc3 hxg5 40. fxg5 Rh8 41. Nxa4 Rh2 42. Kb3 Rd4 43. Nc3 Rg2 44. Ne4 Kf8 45. Kc3 Rd8 46. Rb1 Ra8 47. Rxb6 Rxa3+ 48. Kd4 Ra7 49. Rb8+ Ke7 50. Nf6 Rxg5 51. Ng8+ Kd6 52. c5+ Rxc5 53. Rd8+ Kc7 54. Rf8 Kb6 55. Rb8+ Kc7 56. Rf8 Kb6 57. Rb8+ Kc7 58. Rf8 1/2-1/2

[Event "Titled Tuesday intern op 05th Sep Late"]
[Site "Chess.com INT"]
[Date "2023.09.05"]
[Round "2"]
[White "Trujillo Gonzalez, Kevin Alejandro"]
[Black "Toropov, Pavel"]
[Result "0-1"]
[WhiteElo "2183"]
[BlackElo "2336"]
[PlyCount "53"]
[EventDate "2023.09.05"]
[EventType "swiss (blitz)"]
[EventRounds "11"]
[EventCountry "USA"]
[SourceTitle "EXT 2024"]
[Source "ChessBase"]
[SourceDate "2023.10.10"]
[SourceVersion "1"]
[SourceVersionDate "2023.10.10"]
[SourceQuality "1"]

1. d4 d5 2. c4 c6 3. cxd5 cxd5 4. Nc3 Nf6 5. Bf4 a6 6. e3 Nc6 7. Bd3 Bg4 8. f3 Bh5 9. Nge2 Bg6 10. 0-0 e6 11. Na4 Bxd3 12. Qxd3 Rc8 13. Rfc1 Nd7 14. e4 Be7 15. Nac3 Nb6 16. a4 Nb4 17. Qd1 Nc4 18. exd5 exd5 19. Ng3 0-0 20. b3 Na5 21. Rab1 Re8 22. Qf1 Bf8 23. Bd2 Qb6 24. Kh1 Qxd4 25. Rd1 Qd3 26. Qxd3 Nxd3 27. Kg1 0-1

[Event "Titled Tuesday intern op 22nd Aug Late"]
[Site "Chess.com INT"]
[Date "2023.08.22"]
[Round "8"]
[White "Toropov, Pavel"]
[Black "Gerbelli Neto, Eduardo"]
[Result "1-0"]
[WhiteElo "2336"]
[BlackElo "2114"]
[PlyCount "93"]
[EventDate "2023.08.22"]
[EventType "swiss (blitz)"]
[EventRounds "11"]
[EventCountry "USA"]
[SourceTitle "EXT 2024"]
[Source "ChessBase"]
[SourceDate "2023.10.10"]
[SourceVersion "1"]
[SourceVersionDate "2023.10.10"]
[SourceQuality "1"]

1. e4 e5 2. d4 exd4 3. Nf3 Nc6 4. Nxd4 Bc5 5. Nb3 Bb6 6. Nc3 Nge7 7. Bg5 f6 8. Bf4 0-0 9. Qd2 d6 10. 0-0-0 Be6 11. f3 a5 12. a4 Ne5 13. Kb1 Qe8 14. h4 Qf7 15. Nd4 Bc4 16. Ndb5 Rad8 17. Nd5 Nxd5 18. exd5 Bxf1 19. Rhxf1 Rfe8 20. Rfe1 Nc4 21. Qd3 Ne5 22. Qb3 Bc5 23. Re4 c6 24. dxc6 Qxb3 25. cxb3 bxc6 26. Nc7 Re7 27. Na6 Bb6 28. b4 d5 29. Ree1 Ra8 30. b5 cxb5 31. axb5 Rd8 32. Ka2 Kf7 33. b4 axb4 34. Kb3 Ra8 35. Nxb4 Rd8 36. Nc6 Nxc6 37. bxc6 Rxe1 38. Rxe1 Rc8 39. Rc1 Ke6 40. Kb4 Bc7 41. Bxc7 Rxc7 42. Kc5 f5 43. Re1+ Kf6 44. Kd6 Rc8 45. Kd7 Rf8 46. c7 Rf7+ 47. Kd8 1-0

[Event "Titled Tuesday intern op 22nd Aug Late"]
[Site "Chess.com INT"]
[Date "2023.08.22"]
[Round "1"]
[White "Toropov, Pavel"]
[Black "Sjugirov, Sanan"]
[Result "0-1"]
[WhiteElo "2336"]
[BlackElo "2705"]
[PlyCount "120"]
[EventDate "2023.08.22"]
[EventType "swiss (blitz)"]
[EventRounds "11"]
[EventCountry "USA"]
[SourceTitle "EXT 2024"]
[Source "ChessBase"]
[SourceDate "2023.10.10"]
[SourceVersion "1"]
[SourceVersionDate "2023.10.10"]
[SourceQuality "1"]

1. e4 c5 2. Nf3 e6 3. d4 cxd4 4. Nxd4 a6 5. Nc3 b5 6. Bd3 Bb7 7. Qf3 Nc6 8. Be3 Nge7 9. Qg3 Ng6 10. 0-0-0 Qb8 11. Nxc6 Bxc6 12. f4 Bb4 13. h4 Bxc3 14. bxc3 Rg8 15. e5 b4 16. c4 Qd8 17. h5 Nf8 18. Bc5 Qa5 19. Bd6 Qa3+ 20. Kb1 Qa5 21. Qg5 Qd8 22. Qg3 h6 23. Qe3 Rh8 24. g4 Nh7 25. Rdg1 Bxh1 26. Rxh1 Rc8 27. g5 hxg5 28. f5 exf5 29. Bxf5 Nf8 30. Re1 Ne6 31. Qg3 Rxc4 32. Rh1 Qa8 33. Rh2 Qd5 34. Bd3 Rd4 35. Qf2 Rxd3 36. cxd3 Qxd3+ 37. Kb2 Qc3+ 38. Kb1 Qd3+ 39. Kb2 Nd4 40. Qd2 Qxd2+ 41. Rxd2 Nb5 42. Bxb4 Rxh5 43. Rc2 Kd8 44. Ba5+ Ke7 45. Bb4+ Ke6 46. a4 Nd4 47. Rd2 Nf3 48. Rd6+ Kxe5 49. Rxd7 Ke6 50. Rb7 g4 51. Rb6+ Kd5 52. Rxa6 Kc4 53. Bc3 Rh2+ 54. Ka3 Kxc3 55. Rc6+ Kd4 56. a5 Ne5 57. Rc8 Nc4+ 58. Kb3 Rb2+ 59. Ka4 Kc3 60. a6 Rb4# 0-1

[Event "Titled Tuesday intern op 15th Aug Early"]
[Site "Chess.com INT"]
[Date "2023.08.15"]
[Round "2"]
[White "Toropov, Pavel"]
[Black "Salinas Herrera, Pablo Patricio"]
[Result "0-1"]
[WhiteElo "2336"]
[BlackElo "2464"]
[PlyCount "52"]
[EventDate "2023.08.15"]
[EventType "swiss (blitz)"]
[EventRounds "11"]
[EventCountry "USA"]
[SourceTitle "EXT 2024"]
[Source "ChessBase"]
[SourceDate "2023.10.10"]
[SourceVersion "1"]
[SourceVersionDate "2023.10.10"]
[SourceQuality "1"]

1. e4 c5 2. Nf3 e6 3. d4 cxd4 4. Nxd4 a6 5. Nc3 Qc7 6. Qf3 d6 7. Qg3 Nd7 8. f4 g6 9. f5 Ne5 10. fxe6 fxe6 11. Bg5 Bg7 12. 0-0-0 Nf6 13. Qh3 Qe7 14. Be2 0-0 15. Rhf1 Bd7 16. Rf2 Nf7 17. Bh4 Rac8 18. Rdf1 g5 19. Bg3 Rxc3 20. bxc3 Nxe4 21. Rxf7 Rxf7 22. Rxf7 Qxf7 23. Bd3 e5 24. Bc4 d5 25. Bxd5 Qxd5 26. Qh5 exd4 0-1

[Event "Titled Tuesday intern op 08th Aug Early"]
[Site "Chess.com INT"]
[Date "2023.08.08"]
[Round "11"]
[White "Toropov, Pavel"]
[Black "Devaev, Alexander"]
[Result "0-1"]
[WhiteElo "2336"]
[BlackElo "2325"]
[PlyCount "90"]
[EventDate "2023.08.08"]
[EventType "swiss (blitz)"]
[EventRounds "11"]
[EventCountry "USA"]
[SourceTitle "EXT 2024"]
[Source "ChessBase"]
[SourceDate "2023.10.10"]
[SourceVersion "1"]
[SourceVersionDate "2023.10.10"]
[SourceQuality "1"]

1. e4 c6 2. d4 d5 3. exd5 cxd5 4. Bd3 Nc6 5. c3 Qc7 6. h3 g6 7. Qc2 Nh6 8. Nf3 Bf5 9. Bxf5 Nxf5 10. g4 Nd6 11. Bf4 Bg7 12. Nbd2 0-0 13. Qd3 Rfe8 14. 0-0 Rad8 15. Rfe1 Qb6 16. Rab1 Na5 17. Re2 Nac4 18. b3 Nxd2 19. Qxd2 Ne4 20. Qd3 e6 21. Nd2 Nxd2 22. Qxd2 Rc8 23. Rc1 Qa6 24. Qe3 Rc6 25. Rec2 Rec8 26. Be5 Bf8 27. Qg5 Bd6 28. Bxd6 Rxd6 29. Qe5 Rdc6 30. h4 Qd3 31. Qe3 Qxe3 32. fxe3 b5 33. Kf2 f6 34. g5 e5 35. Kg3 e4 36. Kf4 Kf7 37. gxf6 Rxf6+ 38. Kg4 Rfc6 39. Kf4 Ke6 40. c4 bxc4 41. bxc4 dxc4 42. Kxe4 Kd6 43. d5 Rc5 44. Rd1 Re8+ 45. Kf4 c3 0-1

[Event "Titled Tuesday intern op 01st Aug Late"]
[Site "Chess.com INT"]
[Date "2023.08.01"]
[Round "9"]
[White "Ashraf, Artin"]
[Black "Toropov, Pavel"]
[Result "1-0"]
[WhiteElo "2352"]
[BlackElo "2336"]
[PlyCount "75"]
[EventDate "2023.08.01"]
[EventType "swiss (blitz)"]
[EventRounds "11"]
[EventCountry "USA"]
[SourceTitle "EXT 2024"]
[Source "ChessBase"]
[SourceDate "2023.10.10"]
[SourceVersion "1"]
[SourceVersionDate "2023.10.10"]
[SourceQuality "1"]

1. e4 e6 2. d3 d5 3. Nd2 Nf6 4. g3 c5 5. Bg2 Nc6 6. Ngf3 b5 7. 0-0 Be7 8. Re1 0-0 9. e5 Nd7 10. Nf1 Qc7 11. Bf4 Bb7 12. h4 Rfc8 13. h5 h6 14. Qd2 Qd8 15. N1h2 a5 16. g4 Ra6 17. Kh1 b4 18. c3 Rb6 19. Re2 a4 20. a3 bxc3 21. bxc3 Ba6 22. Rg1 Rcb8 23. g5 Rb2 24. Qe1 hxg5 25. Bc1 Rxe2 26. Qxe2 Rb1 27. Qc2 Rb3 28. Ng4 Qc7 29. Re1 Qb6 30. h6 gxh6 31. Nxh6+ Kg7 32. Nxg5 Kxh6 33. Nxe6+ Kh7 34. d4+ Kg8 35. Bxd5 cxd4 36. Rg1+ Kh8 37. Qf5 Be2 38. Qh3+ 1-0

[Event "Titled Tuesday intern op 01st Aug Late"]
[Site "Chess.com INT"]
[Date "2023.08.01"]
[Round "11"]
[White "Pesotskiy, Mikhail"]
[Black "Toropov, Pavel"]
[Result "0-1"]
[WhiteElo "2140"]
[BlackElo "2336"]
[PlyCount "114"]
[EventDate "2023.08.01"]
[EventType "swiss (blitz)"]
[EventRounds "11"]
[EventCountry "USA"]
[SourceTitle "EXT 2024"]
[Source "ChessBase"]
[SourceDate "2023.10.10"]
[SourceVersion "1"]
[SourceVersionDate "2023.10.10"]
[SourceQuality "1"]

1. d4 d5 2. c4 c6 3. Nf3 Nf6 4. Nbd2 Bf5 5. Nh4 Be6 6. e3 g6 7. b3 Bg7 8. Bb2 0-0 9. Bd3 Nbd7 10. 0-0 c5 11. Nhf3 Bg4 12. h3 Bxf3 13. Nxf3 e6 14. Rc1 Rc8 15. Qe2 Qe7 16. dxc5 Nxc5 17. Bb1 dxc4 18. Rxc4 Ncd7 19. Rfc1 Nb6 20. Rxc8 Rxc8 21. Rxc8+ Nxc8 22. Qc4 Nd6 23. Qc5 Nd7 24. Qa3 Nc8 25. Qxe7 Nxe7 26. Bxg7 Kxg7 27. Kf1 Kf6 28. Ke2 e5 29. Nd2 Ke6 30. Bd3 Nb6 31. Nc4 Nec8 32. Kd2 f6 33. h4 Nd5 34. a3 Nd6 35. Nxd6 Kxd6 36. g3 Ne7 37. Be4 b6 38. Kd3 a5 39. b4 axb4 40. axb4 f5 41. Bg2 e4+ 42. Kc4 Nc6 43. Kb5 Kc7 44. Bf1 Ne5 45. Be2 h6 46. Ka4 Nd3 47. Bxd3 exd3 48. Kb3 Kc6 49. Kc3 Kb5 50. f3 d2 51. Kxd2 Kxb4 52. Kd3 Kc5 53. e4 fxe4+ 54. Kxe4 b5 55. f4 b4 56. Kd3 Kd5 57. g4 b3 0-1

[Event "Titled Tuesday intern op 01st Aug Late"]
[Site "Chess.com INT"]
[Date "2023.08.01"]
[Round "3"]
[White "Slavin, Alexei"]
[Black "Toropov, Pavel"]
[Result "0-1"]
[WhiteElo "2364"]
[BlackElo "2336"]
[PlyCount "112"]
[EventDate "2023.08.01"]
[EventType "swiss (blitz)"]
[EventRounds "11"]
[EventCountry "USA"]
[SourceTitle "EXT 2024"]
[Source "ChessBase"]
[SourceDate "2023.10.10"]
[SourceVersion "1"]
[SourceVersionDate "2023.10.10"]
[SourceQuality "1"]

1. e4 e6 2. Nf3 d5 3. e5 c5 4. b4 b6 5. a3 a5 6. b5 d4 7. a4 Bb7 8. Bc4 Nd7 9. d3 Bxf3 10. gxf3 Nxe5 11. Ba2 Nf6 12. Bf4 Bd6 13. Bg3 0-0 14. Nd2 Nd5 15. Ne4 Bc7 16. Qe2 Nb4 17. Bb3 c4 18. dxc4 d3 19. cxd3 Nexd3+ 20. Kf1 f5 21. Bxc7 Qxc7 22. Ng5 Nc5 23. Nxe6 Nxe6 24. Qxe6+ Kh8 25. c5 Qxc5 26. Qc4 Rac8 27. Qxc5 Rxc5 28. Kg2 Rc3 29. Be6 g6 30. Rhd1 Rf6 31. Bd7 Kg7 32. Rac1 Rxc1 33. Rxc1 Rd6 34. Bc6 Kf6 35. Ba8 Rd2 36. Rc7 Ra2 37. Rb7 Rxa4 38. Rxb6+ Ke5 39. Rb7 Nd3 40. Re7+ Kd6 41. Re3 Nf4+ 42. Kg3 Rb4 43. Bc6 Ne6 44. Rd3+ Kc5 45. Rc3+ Kb6 46. h4 a4 47. h5 gxh5 48. Kg2 Rb3 49. Rc1 Nf4+ 50. Kg3 Ne2+ 51. Kh4 Nxc1 52. Kxh5 a3 53. Bd5 a2 54. Bxb3 Nxb3 55. Kh6 a1Q 56. Kxh7 Qf6 0-1

[Event "Titled Tuesday intern op 01st Aug Early"]
[Site "Chess.com INT"]
[Date "2023.08.01"]
[Round "3"]
[White "Toropov, Pavel"]
[Black "Amilal, Munkhdalai"]
[Result "0-1"]
[WhiteElo "2336"]
[BlackElo "2437"]
[PlyCount "114"]
[EventDate "2023.08.01"]
[EventType "swiss (blitz)"]
[EventRounds "11"]
[EventCountry "USA"]
[SourceTitle "EXT 2024"]
[Source "ChessBase"]
[SourceDate "2023.10.10"]
[SourceVersion "1"]
[SourceVersionDate "2023.10.10"]
[SourceQuality "1"]

1. e4 c5 2. Nf3 Nc6 3. d3 e6 4. Nc3 d5 5. exd5 exd5 6. d4 c4 7. Bf4 a6 8. g3 Nf6 9. Bg2 Bb4 10. 0-0 0-0 11. Ne5 Be6 12. a3 Bxc3 13. bxc3 Ne4 14. Qe1 Qa5 15. Nxc4 dxc4 16. Qxe4 Rad8 17. Qe3 Bd5 18. Bxd5 Qxd5 19. Rfe1 Qd7 20. Rab1 b5 21. Bg5 f6 22. Bf4 g5 23. Bxg5 fxg5 24. Qxg5+ Kh8 25. Re4 Qd5 26. Qe3 Rf7 27. Re1 Rdf8 28. f4 Qd7 29. Re6 Rf5 30. Qe4 Nd8 31. Rxa6 Qg7 32. Kh1 h5 33. Rd6 R5f6 34. Rxf6 Qxf6 35. Qe7 Qxe7 36. Rxe7 Nc6 37. Rc7 Rf6 38. Kg2 Kg8 39. Kh3 Kf8 40. Kh4 Ne7 41. Ra7 Nd5 42. Kxh5 Nxc3 43. Kg5 Rd6 44. f5 Rxd4 45. f6 Nd5 46. Kg6 Rg4+ 47. Kf5 Rd4 48. Ke6 Nb6 49. Rb7 Nc8 50. Rb8 Rd6+ 51. Kf5 Rd8 52. Kg6 Re8 53. f7 Re6+ 54. Kf5 Rc6 55. Rb7 Nd6+ 56. Ke6 Nxb7+ 57. Ke5 Kxf7 0-1